00425nam a2200109Ia 4500008004100000100002600041245013600067260001600203300001200219650001600231856006800247160712s9999 xx 000 0 und d aEsteves, Katherine K. cKatherine K. EstevesaSpacing Archaeological Sites: An Application of the Geographical Information System to Philippine Archaeology c2011bHukay avol. 16 xARCHAEOLOGY uhttp://journals.upd.edu.ph/index.php/asp/issue/view/423/showToc